Catálogo
 En Linea

Querido nadie. / (Registro nro. 10758)

Detalles MARC
000 -CABECERA
campo de control de longitud fija 00605nam a2200217 a 4500
001 - NÚMERO DE CONTROL
campo de control 000011020
005 - FECHA Y HORA DE LA ÚLTIMA TRANSACCIÓN
campo de control 20200929162337.0
008 - DATOS DE LONGITUD FIJA--INFORMACIÓN GENERAL
campo de control de longitud fija 091013s2006 sp 000 0 spa d
020 ## - NÚMERO INTERNACIONAL ESTÁNDAR DEL LIBRO
Número Internacional Estándar del Libro 8434851857
040 ## - FUENTE DE LA CATALOGACIÓN
Centro catalogador/agencia de origen DO-SdBNP
Lengua de catalogación spa
Centro/agencia transcriptor BNPHU
082 ## - NÚMERO DE LA CLASIFICACIÓN DECIMAL DEWEY
Número de clasificación xxxx
Número de documento/Ítem xxxx
049 ## - FONDOS LOCALES (OCLC)
Fondos de biblioteca BNPD
100 1# - ENTRADA PRINCIPAL--NOMBRE DE PERSONA
Nombre de persona Doherty, Berlie
9 (RLIN) 26462
245 10 - MENCIÓN DE TÍTULO
Título Querido nadie. /
Mención de responsabilidad, etc. Berlie Doherty; traducción, Amalia Bermejo.
250 ## - MENCIÓN DE EDICIÓN
Mención de edición 17ta. ed.
260 ## - PUBLICACIÓN, DISTRIBUCIÓN, ETC.
Lugar de publicación, distribución, etc. Madrid :
Nombre del editor, distribuidor, etc. Ediciones SM,
Fecha de publicación, distribución, etc. 2006.
300 ## - DESCRIPCIÓN FÍSICA
Extensión 165 p ;
Dimensiones 21 cm.
490 1# - MENCIÓN DE SERIE
Mención de serie Gran angular
700 1# - PUNTO DE ACCESO ADICIONAL--NOMBRE DE PERSONA
Nombre de persona Bermejo, Amalia
Término indicativo de función/relación trad.
9 (RLIN) 26463
830 #0 - PUNTO DE ACCESO ADICIONAL DE SERIE-TÍTULO UNIFORME
Título uniforme Gran angular
9 (RLIN) 26464
Existencias
Estado de retiro Estado de pérdida Restricciones de uso No para préstamo Código de colección Localización permanente Ubicación/localización actual Ubicación en estantería Fecha de adquisición Número de inventario Total de préstamos Signatura topográfica completa Código de barras Fecha visto por última vez Precio válido a partir de Tipo de ítem Koha
      Excluido de préstamo Monografías: Libros y Folletos General General En catalogación 13.10.2009 LF1   xxxx xxxx 11020-10 25.06.2020 25.06.2020 No se presta

Con tecnología Koha